000 00481nam a2200169Ia 4500
003 GCL
008 140319s9999 xx 000 0 ara d
040 _aGCL /
_cGCL
082 0 4 _a896
_bس ط
100 1 _aسونيكا، وول
245 1 0 _aالطريق /
_cسونيكا، وول
300 _a183 ص
650 0 4 _aنيجيريا
650 0 4 _aالادب الافريقى المترجم
650 0 4 _aالمسرحيات الافريقية المترجمة
942 _2ddc
_cBK
999 _c44430
_d44430